LEADER 00833nam a2200205 i 4500 001 000000004403 003 CaOOAMICUS 005 20180830125437.0 008 180830s1860 fr u000 u und u 040 $aSeMil$bita 100 1 $aBazancourt, Cesar Lecat : de .$0(OLS)http://semarc/name/89299 245 13$aLa Campagne d'Italie de 1859 :$bchroniques de la guerre /$cpar le baron de Bazancourt. 250 $a2. Éd. 260 $aParis :$bAmyot,$c1860. 300 $a2 v. ;$c23 cm. 650 4$aGuerre d'indipendenza italiane <1848-1866> - 2. 1859.$0(OLS)http://semarc/subject/44588 774 0 $t1.$b2. éd.$g1$w()100217 774 0 $t2.$b2. éd.$g2$w()255756 996 $6245$aLa Campagne d'Italie de 1859 :$bchroniques de la guerre$9(OLS)http://semarc/title/400467 996 $6260$aParis :$bAmyot$9(OLS)http://semarc/publisher/39627 LEADER 01484nam a2200277 i 4500 001 000000074363 003 CaOOAMICUS 005 20251230093456.0 008 070423s1938 it u000 u ita u 040 $aSeMil$bita 100 1 $aValdés, Juan : de,$d.$0(OLS)http://semarc/name/36846 240 10$aAlphabeto christano.$0(OLS)http://semarc/title/456397 245 10$aAlfabeto cristiano :$bdialogo con Giulia Gonzaga /$cGiovanni Di Valdés ; introduzione, note e appendici di B. Croce ; ritratto della Gonzaga conforme all'originale di Sebastiano Del Piombo con la serie degli altri ritratti. 260 $aBari :$bLaterza & Figli,$c1938. 300 $aXXVIII, 178 p., [1] carta di tav. :$bill. ;$c21 cm 490 0 $aBiblioteca di cultura moderna ;$v311 650 4$aCoscienza e fede - Sec. 16 - Europa.$0(OLS)http://semarc/subject/58791 700 1 $aGonzaga, Giulia,$d<1513-1566>.$0(OLS)http://semarc/name/123043 700 1 $aDel Piombo, Sebastiano.$0(OLS)http://semarc/name/36847 700 1 $aCroce, Benedetto,$d<1866-1952>.$0(OLS)http://semarc/name/618 830 0$aBiblioteca di cultura moderna ;$v311.$0(OLS)http://semarc/title/639 850 $aSeMil 852 $aSeMil$W1$xVenegono$y1$m1C III 38$j40515$B40515$CSeMilBibl$Z2$F40519 $81 996 $6245$aAlfabeto cristiano :$bdialogo con Giulia Gonzaga$9(OLS)http://semarc/title/120639 996 $6260$aBari :$bLaterza & Figli$9(OLS)http://semarc/publisher/29663